000 00375pab a2200157 454500
008 180718b1997 xxu||||| |||| 00| 0 eng d
100 _aAgarwal, R.K.
245 _aNarmada multipurpose project: a critical appraisal
260 _c1997
300 _ap.276-79
362 _aJul-Sep
650 _aDams - India
650 _aDams
773 _aProductivity
909 _a36704
999 _c36704
_d36704